000 01560cam a2200145 4500500
005 20251214001510.0
041 _afre
042 _adc
100 1 0 _aColin, Nicolas
_eauthor
700 1 0 _aVerdier, Henri
_eauthor
245 0 0 _aL'âge de la multitude : Entreprendre et gouverner après la révolution numérique
260 _bArmand Colin,
_c2015.
520 _aEt si nous étions devenus, sans le savoir, les principaux acteurs de l’économie numérique ? Si nos vies, nos inter-actions, nos créations étaient la source déterminante de la valeur et de la croissance ?Un monde nouveau, né de la révolution numérique, consacre le règne de milliards d’individus désormais instruits, équipés et connectés. Ensemble, ils forment une puissante multitude qui bouleverse l’ancien ordre économique et social. Loin d’être l’affaire des seules entreprises technologiques, l’économie numérique est au contraire dominée par ceux — entreprises, administrations, associations — qui ont su s’allier à cette multitude. Après la révolution numérique, l’enjeu stratégique est de susciter, de recueillir et de valoriser la créativité des individus.Tel est le sens de cet essai, souvent radical et décapant, qui invite entrepreneurs et politiques à comprendre et à utiliser la valeur considérable créée par chacun d’entre nous.Cette deuxième édition révisée est précédée d’une nouvelle préface.
856 4 1 _uhttps://shs.cairn.info/l-age-de-la-multitude--9782200601447?lang=fr&redirect-ssocas=7080
999 _c1566213
_d1566213